Music Quiz

Random Music or Lyrics Quiz

Cardiacs Lyrics Quiz Stats

 Plays Quiz not verified by Sporcle

Score 0/22 Timer 12:00
0 Plays Today
Opening line Cardiacs Song % Correct
Following around to see a life, that's never inIs This the Life?
72.2%
Make eyes pretty wear a clean dress, and boy get shot into the wildernessEat it Up Worms Hero
69.4%
Oh what a plain necessity to be alive, always too soon to criticiseIn a City Lining
69.4%
Little glad laughing makes a prickly noise, but when with the boys he breaks his toys Plane Plane Against the Grain
58.3%
To steal away and then decide, is cake on top and real insideArnald
58.3%
Death a thing she hardly knew, so thin and rare and small and fewBlind In Safety and Leafy In Love
55.6%
When is it good or not good, to perceive a petrifying lifeIcing on the World
55.6%
All nineteen birds flying fast up, they are dead they are not aliveFlap Off You Beak
50%
Life, everything, dead and buryingAll Spectacular
47.2%
Here's me hidden in the underground, and so far I don't mindGina Lollabrigida
44.4%
Pick the paper plates up off the floor, hide the hands and feet inside the shedAnything I Can't Eat
44.4%
Opening line Cardiacs Song % Correct
Two civilians scrap, in combatant wrapGoosegash
41.7%
Don't pity me, my sun shines only for meHope Day
38.9%
You're never in, I called again, I've been around twice todayNurses Whispering Verses
38.9%
Bend this spine out of mine, oh I'm loads of rain, shower me!Jitterbug (Junior Is a)
33.3%
Crazy lover like mad, and it cakes walls with sunCore
30.6%
Being here alone, I'm hoping for the time to see my wayVisiting Hours
27.8%
At the plate staring and, he's left with so much on the sideThe Safety Bowl
25%
Mandy trained up her head to, away itself go when is toldSong of a Dead Pest
25%
Wimping out for baby god, no grudge nothing not even fearWinds and Rains is Cold
22.2%
While Mother keepest, watch while and weepestNo Bright Side
13.9%
It might seem like a cheap way to escape, you're having delusions about itOver + Over + Over + Over
11.1%

You're not logged in!

Compare scores with friends on all Sporcle quizzes.
OR
Log In

Show Comments

Extras

Top Quizzes Today


Score Distribution

Your Account Isn't Verified!

In order to create a playlist on Sporcle, you need to verify the email address you used during registration. Go to your Sporcle Settings to finish the process.

Report this User

Report this user for behavior that violates our Community Guidelines.

Details: